Plant layout and materials handling/ (Record no. 463535)

MARC details
000 -LEADER
fixed length control field 00862nam a2200289 a 4500
001 - CONTROL NUMBER
control field vtls001192398
003 - CONTROL NUMBER IDENTIFIER
control field NLI
005 - DATE AND TIME OF LATEST TRANSACTION
control field 20210603151048.0
008 - FIXED-LENGTH DATA ELEMENTS--GENERAL INFORMATION
fixed length control field 120328s1950 nyua f001 0 eng d
039 #9 - LEVEL OF BIBLIOGRAPHIC CONTROL AND CODING DETAIL [OBSOLETE]
-- 201203281642
-- VLOAD
040 ## - CATALOGING SOURCE
Original cataloging agency NLI
Language of cataloging eng
Transcribing agency Entertech IMP - 2012
Description conventions AACR2
041 0# - LANGUAGE CODE
Language code of text/sound track or separate title eng
044 ## - COUNTRY OF PUBLISHING/PRODUCING ENTITY CODE
MARC country code nyu
084 ## - OTHER CLASSIFICATION NUMBER
Classification number 135.H.1
100 1# - MAIN ENTRY--PERSONAL NAME
Personal name Apple, James M.
Fuller form of name (James MacGregor),
Dates associated with a name 1915-
9 (RLIN) 626155
245 10 - TITLE STATEMENT
Title Plant layout and materials handling/
Statement of responsibility, etc. James M. Apple
260 ## - PUBLICATION, DISTRIBUTION, ETC.
Place of publication, distribution, etc. New York:
Name of publisher, distributor, etc. Ronald Press,
Date of publication, distribution, etc. 1950
300 ## - PHYSICAL DESCRIPTION
Extent xiv, 367 p.:
Other physical details ill.;
Dimensions 23 cm.
650 #0 - SUBJECT ADDED ENTRY--TOPICAL TERM
Topical term or geographic name entry element Factories
General subdivision Design and construction
9 (RLIN) 68110
650 #0 - SUBJECT ADDED ENTRY--TOPICAL TERM
Topical term or geographic name entry element Materials handling
650 #0 - SUBJECT ADDED ENTRY--TOPICAL TERM
Topical term or geographic name entry element Materials management
9 (RLIN) 4064
887 ## - NON-MARC INFORMATION FIELD
Content of non-MARC field
901 ## - LOCAL DATA ELEMENT A, LDA (RLIN)
a 298316:
b 26.03.1954
902 ## - LOCAL DATA ELEMENT B, LDB (RLIN)
a 135.H.1
942 ## - ADDED ENTRY ELEMENTS (KOHA)
Source of classification or shelving scheme Dewey Decimal Classification
Koha item type Books
949 ## - LOCAL PROCESSING INFORMATION (OCLC)
-- VIRTUAITEM
-- 10000
-- 100
6 IMP000298316ENG
Holdings
Withdrawn status Lost status Damaged status Not for loan Home library Current library Date acquired Total Checkouts Full call number Barcode Date last seen Price effective from Koha item type
        National Library of India National Library of India     135.H.1 IMP000298316ENG 03/06/2021 03/06/2021 Books
                                                                           
web counter

Copyright ©2020 The National Library of India, Govt. of India ↔ Hosted by NVLI, MOC ↔ Technology and Design by National Library of India, Ministry of Culture, Govt. of India